Sports Quiz

Random Sports Quiz

Pitchers with 200-299 Wins Quiz Stats

 Plays Quiz not verified by Sporcle

Score 0/87 Timer 15:00
0 Plays Today
Number of Wins Player % Correct
288Tommy John
91.9%
219Pedro Martinez
91.2%
245Dennis Martinez
90.9%
213John Smoltz
89.9%
236**Whitey Ford
88.6%
287**Bert Blyleven
86.7%
270Mike Mussina
86%
209**Don Drysdale
85.4%
268**Jim Palmer
84.7%
254Jack Morris
83.1%
216Curt Schilling
83.1%
251**Bob Gibson
82.5%
267*Jamie Moyer
80.2%
284**Ferguson Jenkins
79.5%
240Andy Pettitte
78.9%
243**Juan Marichal
77.6%
266**Bob Feller
77.3%
211Kevin Brown
77.3%
239**Mordecai 'Three Finger' Brown
76.9%
224**Catfish Hunter
76.6%
283Jim Kaat
74.4%
209Vida Blue
73.1%
200Tim Wakefield
72.4%
229Luis Tiant
72.1%
221Joe Niekro
72.1%
286**Robin Roberts
71.4%
239David Wells
71.1%
229Sad Sam Jones
70.1%
215Jim Perry
66.6%
Number of Wins Player % Correct
222Jerry Koosman
65.9%
217Mickey Lolich
64.9%
211Bob Welch
64.3%
219Kenny Rogers
63%
224**Jim Bunning
62.7%
240Frank Tanana
62.3%
207**Bob Lemon
62.3%
204Orel Hershiser
62%
253**Carl Hubbell
58.4%
216Charlie Hough
57.8%
200Chuck Finley
57.8%
273**Red Ruffing
57.5%
207**Hal Newhouser
56.8%
260**Ted Lyons
56.2%
237**Waite Hoyt
55.5%
214Rick Reuschel
49.4%
220Jerry Reuss
47.7%
270**Burleigh Grimes
43.8%
297Bobby Mathews
42.9%
254**Red Faber
42.9%
240**Herb Pennock
41.6%
266**Eppa Rixey
40.9%
212**Chief Bender
40.6%
201**Rube Marquard
40.3%
208Eddie Cicotte
39.9%
203Lew Burdette
39.9%
245**Amos Rusie
37%
229Will White
37%
249**Vic Willis
36%
Number of Wins Player % Correct
209Milt Pappas
35.4%
246**Joe McGinnity
35.1%
207Carl Mays
34.1%
284Tony Mullane
33.8%
211Bobo Newsom
33.4%
215**Stan Coveleski
32.5%
210**Jesse Haines
30.5%
216Wilbur Cooper
29.5%
211Billy Pierce
28.2%
253**Al Spalding
26%
217Freddie Fitzsimmons
25.6%
265Jim McCormick
25.3%
204Al Orth
24.4%
201Charley Root
22.7%
203Silver King
20.8%
218Bob Caruthers
20.1%
237**Clark Griffith
19.5%
200George Uhle
18.2%
247Jack Quinn
17.9%
228George Mullin
16.6%
234Tommy Bond
15.3%
223Mel Harder
15.3%
222Hooks Dauss
14%
245Jack Powell
12.3%
264Gus Weyhing
12%
223Paul Derringer
10.4%
218Earl Whitehill
8.8%
233Charlie Buffinton
5.8%
203Jack Stivetts
5.5%

You're not logged in!

Compare scores with friends on all Sporcle quizzes.
OR
Log In

Show Comments

Extras

Created Feb 25, 2012ReportNominate
Tags:200-299, pitchers, player, win

Top Quizzes Today


Score Distribution

Your Account Isn't Verified!

In order to create a playlist on Sporcle, you need to verify the email address you used during registration. Go to your Sporcle Settings to finish the process.

Report this User

Report this user for behavior that violates our Community Guidelines.

Details: